Theory and problems of vector analysis : an introduction to tensor analysis, SI (Metric) edition (Record no. 275425)

MARC details
000 -LEADER
fixed length control field 00525nam a2200169Ia 4500
005 - DATE AND TIME OF LATEST TRANSACTION
control field 20241029164537.0
008 - FIXED-LENGTH DATA ELEMENTS--GENERAL INFORMATION
fixed length control field 240126s9999 xx 000 0 und d
020 ## - INTERNATIONAL STANDARD BOOK NUMBER
International Standard Book Number 9780070990098
082 ## - DEWEY DECIMAL CLASSIFICATION NUMBER
Classification number 515.63 SPI;1 R
100 ## - MAIN ENTRY--PERSONAL NAME
Personal name Spiegel, Murray R.
245 #0 - TITLE STATEMENT
Title Theory and problems of vector analysis : an introduction to tensor analysis, SI (Metric) edition
260 ## - PUBLICATION, DISTRIBUTION, ETC. (IMPRINT)
Name of publisher, distributor, etc. McGraw-Hill
Place of publication, distribution, etc. New York
Date of publication, distribution, etc. 1974
300 ## - PHYSICAL DESCRIPTION
Extent 225
440 ## - SERIES STATEMENT/ADDED ENTRY--TITLE
Title Schaum's outline series
650 ## - SUBJECT ADDED ENTRY--TOPICAL TERM
Topical term or geographic name as entry element vector,tensor,analysis,,SI,(Metric)
942 ## - ADDED ENTRY ELEMENTS (KOHA)
Koha item type PESU Books
Holdings
Date last seen Total Checkouts Full call number Accession number Old discount Volume/Issue Number Date checked out Price effective from Category Public note Lost status Damaged status Department Withdrawn status Permanent Location Current Location Shelving location Entry date Grants Currency symbol Conversion rate Discount Discount type
24/04/2025 1 515.63 SPI;1 R PU3418   (27/05/1905) 28/03/2025 26/01/2024 PESU Books Donated by Dr.Anirban chakraborty     Central Library   Central Library Central Library Central Library 28/05/2015 DONATED RS 1   Rupees

© For any Suggestions or Query, please contact the library staff @ librarian@pes.edu or Phone: +9180 2672 1983/ 2108.